[Event "Sommerschach 2022 Hobbyspieler"]
[Site "Dortmund"]
[Date "2022.07.06"]
[Round "3.1"]
[White "Püttmann, Luca"]
[Black "Bonn, Marcel"]
[Result "1/2-1/2"]
[WhiteElo "1263"]
[BlackElo "832"]
[PlyCount "31"]
[EventDate "2022.07.??"]
[EventType "tourn"]
[EventRounds "7"]
[WhiteTeam "SV Kamen"]
[BlackTeam "SC Hansa Dortmund"]

1. e4 e5 2. Nf3 Nc6 3. Bc4 Nf6 4. d3 Bc5 5. c3 a6 6. a4 Be7 7. Qe2 h6 8. h3 d6
9. Bb3 g5 10. Bxg5 Nxe4 11. Bxe7 Nxc3 12. Bxd8 Nxe2 13. Bxc7 Nf4 14. g3 Nxd3+
15. Ke2 Bf5 16. Bc2 1/2-1/2

[Event "Sommerschach 2022 Hobbyspieler"]
[Site "Dortmund"]
[Date "2022.07.06"]
[Round "3.2"]
[White "Rogner, Alex"]
[Black "Dziuk, Dariusz"]
[Result "1/2-1/2"]
[WhiteElo "1040"]
[BlackElo "1082"]
[PlyCount "105"]
[EventDate "2022.07.??"]
[EventType "tourn"]
[EventRounds "7"]
[WhiteTeam "SF Brackel"]
[BlackTeam "SV Unna"]

1. e4 e5 2. Nf3 Nc6 3. Bc4 Bc5 4. c3 d6 5. d4 exd4 6. cxd4 Bb4+ 7. Nc3 h6 8.
O-O Nf6 9. e5 dxe5 10. dxe5 Qxd1 11. Rxd1 Ng4 12. Bf4 Bc5 13. Bg3 h5 14. h3 Nh6
15. Nd5 Bb6 16. Rd2 Be6 17. Rad1 Rd8 18. Nxb6 Rxd2 19. Rxd2 cxb6 20. Bxe6 fxe6
21. Rd6 Nf5 22. Rxe6+ Kd7 23. Rg6 Nce7 24. Rg5 g6 25. Bh2 Rc8 26. Bg3 Rc2 27.
e6+ Kxe6 28. Be5 Rc1+ 29. Kh2 Rf1 30. Bg3 Nxg3 31. Kxg3 Nf5+ 32. Kh2 Rxf2 33.
Rxg6+ Kd5 34. Rg5 Ke4 35. Rxh5 Rxb2 36. Rh7 Rxa2 37. Rxb7 Ne3 38. Nh4 Kd5 39.
Kg3 Kc6 40. Re7 Nd5 41. Re6+ Kc5 42. Kf3 Ra3+ 43. Kf2 a5 44. Nf3 a4 45. g4 Rc3
46. g5 a3 47. g6 a2 48. g7 a1=Q 49. g8=Q Rc2+ 50. Kg3 Qa2 51. Qc8+ Kb4 52. Qf8+
Rc5 53. Re4+ 1/2-1/2

[Event "Sommerschach 2022 Hobbyspieler"]
[Site "Dortmund"]
[Date "2022.07.06"]
[Round "3.3"]
[White "Schulz, Wolfgang"]
[Black "Böckmann, Lieselotte"]
[Result "1-0"]
[WhiteElo "938"]
[BlackElo "954"]
[PlyCount "163"]
[EventDate "2022.07.??"]
[EventType "tourn"]
[EventRounds "7"]
[WhiteTeam "SC Gerthe - Werne"]
[BlackTeam "FS Dortmund"]

1. d4 Nf6 2. Nc3 b6 3. e4 d6 4. d5 a6 5. Nge2 Nbd7 6. Nd4 Ne5 7. Be2 h5 8. h3
Bb7 9. Bg5 Qc8 10. Nf5 g6 11. Nh4 Nh7 12. Bf4 Bg7 13. Bg3 O-O 14. Nf3 Nd7 15.
Qd2 Nc5 16. Ng5 Nxg5 17. Qxg5 Bxc3+ 18. bxc3 Nxe4 19. Qe3 Nxg3 20. Qxg3 Bxd5
21. Bxh5 Qe6+ 22. Be2 Bc4 23. Qe3 Qd5 24. O-O Bxe2 25. Qxe2 e5 26. c4 Qe6 27.
Qe4 Rab8 28. a4 c5 29. Ra3 f5 30. Qh4 Kg7 31. Rg3 Rh8 32. Qg5 Rh6 33. Rd1 Rf8
34. Rgd3 Qf6 35. Qe3 Rd8 36. Rd5 Qe7 37. Qb3 g5 38. Qxb6 g4 39. R1d3 Rg6 40. g3
gxh3 41. Kh2 Qf8 42. Qb7+ Kg8 43. Qb1 f4 44. Qg1 f3 45. Qe1 Re6 46. Qe4 Qg7 47.
Rxf3 Qg6 48. Qh4 Rf8 49. Rxf8+ Kxf8 50. Qd8+ Re8 51. Qd7 Qf6 52. Kxh3 Rd8 53.
Qg4 Kf7 54. Kg2 Qg6 55. Qf3+ Kg7 56. Qb3 Qe4+ 57. Qf3 Qxf3+ 58. Kxf3 Rf8+ 59.
Kg2 Rd8 60. g4 e4 61. Kg3 Kf6 62. Kf4 Ke6 63. Kxe4 Re8 64. f4 Kd7+ 65. Kf3 Rb8
66. g5 Rb4 67. g6 Rb8 68. Rh5 Ke6 69. Kg4 Kf6 70. f5 Re8 71. Kf4 Re2 72. Rh8
Rxc2 73. Rf8+ Kg7 74. Rd8 Rxc4+ 75. Kg5 Rg4+ 76. Kxg4 Kf6 77. Rxd6+ Kg7 78. Kg5
Kf8 79. g7+ Kf7 80. Rc6 a5 81. Rc7+ Ke8 82. g8=Q# 1-0

[Event "Sommerschach 2022 Hobbyspieler"]
[Site "Dortmund"]
[Date "2022.07.06"]
[Round "3.4"]
[White "Schmidt, Andreas Norbert"]
[Black "Flottau, Kilian"]
[Result "0-1"]
[WhiteElo "1124"]
[BlackElo "1200"]
[PlyCount "54"]
[EventDate "2022.07.??"]
[EventType "tourn"]
[EventRounds "7"]
[WhiteTeam "SF Brackel"]

1. e4 e5 2. d4 exd4 3. c3 d5 4. cxd4 dxe4 5. Nc3 Nf6 6. Bg5 Bf5 7. Bc4 Be7 8.
Qb3 O-O 9. Nge2 Nc6 10. Qb5 Bg6 11. Rd1 a6 12. Qb3 Na5 13. Bxf7+ Bxf7 14. Qc2
Bg6 15. Nf4 e3 16. Nxg6 exf2+ 17. Qxf2 hxg6 18. O-O Qd6 19. Qh4 Rae8 20. Rd3
Nh5 21. Rxf8+ Bxf8 22. Rh3 Be7 23. Ne4 Qxd4+ 24. Re3 Bc5 25. Nf6+ gxf6 26. Qxd4
Bxd4 27. Kf1 Bxe3 0-1

[Event "Sommerschach 2022 Hobbyspieler"]
[Site "Dortmund"]
[Date "2022.07.06"]
[Round "3.5"]
[White "Frölich, Andreas"]
[Black "Dabrowski, Mike"]
[Result "0-1"]
[WhiteElo "1123"]
[BlackElo "1200"]
[PlyCount "56"]
[EventDate "2022.07.??"]
[EventType "tourn"]
[EventRounds "7"]
[WhiteTeam "SV Rochade Eving"]

1. e4 c5 2. Bc4 e6 3. Nf3 d5 4. exd5 exd5 5. Bb5+ Bd7 6. Bxd7+ Nxd7 7. d4 Ngf6
8. Nc3 h6 9. O-O Be7 10. dxc5 Nxc5 11. Re1 Nce4 12. Nxe4 dxe4 13. Qxd8+ Rxd8
14. Nd2 O-O 15. h3 Bd6 16. Kf1 Rfe8 17. b3 Be5 18. Rb1 Bc3 19. Re2 Nh5 20. g3
e3 21. Nc4 exf2 22. Rxe8+ Rxe8 23. Kxf2 Re1 24. Na3 Rxc1 25. Rxc1 Bb2 26. Rd1
Bxa3 27. Rd7 b5 28. Rxa7 Bc5+ 0-1

[Event "Sommerschach 2022 Hobbyspieler"]
[Site "Dortmund"]
[Date "2022.07.06"]
[Round "3.6"]
[White "Handoulla, Bilal"]
[Black "Bässler, Michael"]
[Result "0-1"]
[WhiteElo "1200"]
[BlackElo "996"]
[PlyCount "76"]
[EventDate "2022.07.??"]
[EventType "tourn"]
[EventRounds "7"]
[BlackTeam "SC Hansa Dortmund"]

1. e4 e5 2. Bc4 Nc6 3. Nf3 Bc5 4. d3 Nf6 5. Bg5 h6 6. Bh4 g5 7. Bg3 d6 8. Nc3
Ne7 9. O-O Bg4 10. h3 Bh5 11. Re1 Qd7 12. Bb5 c6 13. Ba4 g4 14. hxg4 Bxg4 15.
Kf1 O-O-O 16. Qd2 Rdg8 17. Ng1 Ne8 18. Nce2 Bxe2+ 19. Nxe2 f5 20. Bb3 Rf8 21.
f4 exf4 22. Nxf4 fxe4 23. Be6 Qxe6 24. Rxe4 Qf7 25. Rae1 d5 26. R4e2 Ng6 27.
Rf2 Bxf2 28. Qxf2 Nxf4 29. Re3 Nxd3 30. cxd3 Qxf2+ 31. Bxf2 Nf6 32. Rg3 Rhg8
33. Rh3 Ng4 34. Rg3 Rxf2+ 35. Ke1 Re8+ 36. Re3 Rxe3+ 37. Kd1 Ree2 38. b3 Ne3+
0-1

[Event "Sommerschach 2022 Hobbyspieler"]
[Site "Dortmund"]
[Date "2022.07.06"]
[Round "3.7"]
[White "Westermann, Thomas"]
[Black "Wang, Yihua"]
[Result "1-0"]
[WhiteElo "1200"]
[BlackElo "1200"]
[PlyCount "27"]
[EventDate "2022.07.??"]
[EventType "tourn"]
[EventRounds "7"]
[BlackTeam "SC Hansa Dortmund"]

1. e4 e5 2. Nf3 Nf6 3. d4 d6 4. dxe5 Nxe4 5. Bd3 d5 6. c4 Be6 7. Nbd2 f5 8. Nd4
Qh4 9. O-O Qh6 10. Nxe4 g5 11. Nxg5 dxc4 12. Ngxe6 Qg6 13. Nxc7+ Kd7 14. Bxf5+
1-0

[Event "Sommerschach 2022 Hobbyspieler"]
[Site "Dortmund"]
[Date "2022.07.06"]
[Round "3.8"]
[White "Romich, Mark Samo"]
[Black "Lin, Amy"]
[Result "1-0"]
[WhiteElo "1200"]
[BlackElo "1200"]
[PlyCount "51"]
[EventDate "2022.07.??"]
[EventType "tourn"]
[EventRounds "7"]
[WhiteTeam "SV Erkenschwick"]
[BlackTeam "Ewaldi Aplerbeck"]

1. e4 e5 2. Nf3 Nc6 3. Nc3 Be7 4. Bc4 Nh6 5. d3 O-O 6. Nd5 Bb4+ 7. c3 Be7 8.
Nxe7+ Nxe7 9. Nxe5 d6 10. Nf3 Bd7 11. O-O a6 12. d4 b5 13. Bd3 f6 14. b4 Nf7
15. Qe2 Qb8 16. e5 dxe5 17. Qe4 f5 18. Qh4 h6 19. Qxe7 Qc8 20. Nxe5 Re8 21.
Qxf7+ Kh8 22. Qxd7 Kg8 23. Bxf5 Kh8 24. Bg6 Rf8 25. Bxh6 gxh6 26. Qh7# 1-0

[Event "Sommerschach 2022 Hobbyspieler"]
[Site "Dortmund"]
[Date "2022.07.06"]
[Round "3.9"]
[White "Libert, Nick"]
[Black "Groß, Josephine Hannah"]
[Result "1-0"]
[WhiteElo "1027"]
[BlackElo "1200"]
[PlyCount "41"]
[EventDate "2022.07.??"]
[EventType "tourn"]
[EventRounds "7"]
[WhiteTeam "SF Brackel"]
[BlackTeam "SV Erkenschwick"]

1. e4 d5 2. exd5 Qxd5 3. Nc3 Qa5 4. d4 e5 5. Qe2 Nd7 6. dxe5 Nxe5 7. f4 Bg4 8.
Qxe5+ Qxe5+ 9. fxe5 Bb4 10. Bd2 f6 11. h3 Bf5 12. Bd3 Bxd3 13. cxd3 fxe5 14.
O-O-O O-O-O 15. Be1 Bxc3 16. Bxc3 e4 17. Bxg7 exd3 18. Bxh8 Ne7 19. Bf6 Rd7 20.
Bxe7 Rxe7 21. Nf3 1-0

[Event "Sommerschach 2022 Hobbyspieler"]
[Site "Dortmund"]
[Date "2022.07.06"]
[Round "3.10"]
[White "Knöner, Horst"]
[Black "Allen, Sabrina"]
[Result "0-1"]
[WhiteElo "959"]
[BlackElo "773"]
[PlyCount "30"]
[EventDate "2022.07.??"]
[EventType "tourn"]
[EventRounds "7"]
[BlackTeam "SV Erkenschwick"]

1. d4 Nf6 2. c4 e6 3. Nc3 Bb4 4. Bd2 c5 5. a3 Ba5 6. Nf3 d6 7. Qa4+ Nc6 8. Bg5
O-O 9. e4 cxd4 10. b4 dxc3 11. bxa5 Nxa5 12. Rc1 Bd7 13. Bd3 Bxa4 14. O-O Nb3
15. Rxc3 Qa5 0-1

[Event "Sommerschach 2022 Hobbyspieler"]
[Site "Dortmund"]
[Date "2022.07.06"]
[Round "3.11"]
[White "Buntscheck, Stefan"]
[Black "Kasnatschenko, Ilayda"]
[Result "1-0"]
[WhiteElo "1200"]
[BlackElo "1200"]
[PlyCount "53"]
[EventDate "2022.07.??"]
[EventType "tourn"]
[EventRounds "7"]
[BlackTeam "SV Waltrop"]

1. d4 d5 2. c4 e6 3. e3 Nf6 4. Bd3 Be7 5. Nf3 Nc6 6. Bd2 Bd7 7. O-O O-O 8. Nc3
Bd6 9. cxd5 exd5 10. Re1 Re8 11. a3 Ne7 12. e4 c6 13. e5 Nh5 14. exd6 Nc8 15.
Ne2 Nxd6 16. Nf4 Nf6 17. Bb4 Nc8 18. Qd2 Ne7 19. Re3 a5 20. Bd6 Nc8 21. Be5 Ng4
22. Re2 Be6 23. Rae1 Qd7 24. Nh5 Kh8 25. Nxg7 Re7 26. Nxe6+ Kg8 27. Qg5# 1-0

[Event "Sommerschach 2022 Vereinsspieler"]
[Site "Dortmund"]
[Date "2022.07.07"]
[Round "4.1"]
[White "Luft, Dennis"]
[Black "Kruse, Victor"]
[Result "1-0"]
[WhiteElo "2308"]
[BlackElo "1733"]
[PlyCount "71"]
[EventDate "2022.07.??"]
[EventType "tourn"]
[EventRounds "7"]
[WhiteTeam "SF Brackel"]
[BlackTeam "SK Köln-Südwest"]

1. e4 c6 2. Nf3 d5 3. Nc3 Nf6 4. e5 Ne4 5. Ne2 Qb6 6. d4 e6 7. Ng3 c5 8. Bd3
Nxg3 9. fxg3 Nc6 10. O-O Be7 11. dxc5 Qxc5+ 12. Kh1 h6 13. a3 Bd7 14. b4 Qb6
15. g4 a6 16. Rb1 Qc7 17. Qe1 Na7 18. Qf2 Nb5 19. Nd4 Rf8 20. Nf3 Nc3 21. Ra1
Bb5 22. Be3 Ne4 23. Qe2 Nc3 24. Qe1 Na4 25. Bd4 Bc4 26. Qe3 b5 27. g5 O-O-O 28.
gxh6 gxh6 29. Qxh6 a5 30. Qd2 f5 31. exf6 Bxf6 32. Qe3 Qd6 33. Ne5 Bxe5 34.
Bxe5 Qc6 35. Qa7 Bxd3 36. Rxf8 1-0

[Event "Sommerschach 2022 Vereinsspieler"]
[Site "Dortmund"]
[Date "2022.07.07"]
[Round "4.2"]
[White "Atali, Dogukan"]
[Black "Huckebrink, Chris"]
[Result "0-1"]
[WhiteElo "1811"]
[BlackElo "2042"]
[PlyCount "80"]
[EventDate "2022.07.??"]
[EventType "tourn"]
[EventRounds "7"]
[WhiteTeam "SV Waltrop"]
[BlackTeam "SV Ahlen"]

1. e4 c5 2. Nf3 Nc6 3. Bb5 e5 4. Bxc6 dxc6 5. d3 Bd6 6. a4 a5 7. h3 Ne7 8. Nbd2
Ng6 9. Nc4 Bc7 10. Be3 Qe7 11. Qd2 h6 12. Qc3 b6 13. O-O O-O 14. Qa3 Be6 15.
Rfd1 f5 16. exf5 Rxf5 17. Ncd2 Raf8 18. Nh2 Qh4 19. Ne4 R5f7 20. Ng4 Bxg4 21.
hxg4 Qxg4 22. Qb3 Nh4 23. g3 Kh8 24. c3 Bd8 25. Rf1 Rf3 26. Qc4 Nf5 27. Rae1 h5
28. Kg2 h4 29. Nd2 h3+ 30. Kh1 Rxg3 31. Qxg4 Rxg4 32. Rg1 Rxg1+ 33. Kxg1 Bc7
34. Ne4 Nh4 35. Re2 Nf3+ 36. Kh1 Rd8 37. Nd2 Nxd2 38. Rxd2 Kh7 39. Bg5 Rd7 40.
Bh4 e4 0-1

[Event "Sommerschach 2022 Vereinsspieler"]
[Site "Dortmund"]
[Date "2022.07.07"]
[Round "4.3"]
[White "Arakelian, Aik"]
[Black "Kasapchuk, Oleksandr"]
[Result "1/2-1/2"]
[WhiteElo "2015"]
[BlackElo "1581"]
[PlyCount "43"]
[EventDate "2022.07.??"]
[EventType "tourn"]
[EventRounds "7"]
[WhiteTeam "SG Ennepe-Ruhr-Süd"]
[BlackTeam "SF Brackel"]

1. e4 e5 2. Bc4 Nf6 3. d4 exd4 4. Nf3 Bb4+ 5. c3 dxc3 6. bxc3 d5 7. exd5 Bd6 8.
Qe2+ Qe7 9. Qxe7+ Kxe7 10. O-O Nbd7 11. Re1+ Kf8 12. Bb3 Nc5 13. Bc4 Bd7 14.
Ne5 Re8 15. Nxd7+ Ncxd7 16. Rxe8+ Kxe8 17. Be3 Ne5 18. Bb3 Kd7 19. h3 Nd3 20.
Nd2 Be5 21. Rd1 Nb2 22. Rc1 1/2-1/2

[Event "Sommerschach 2022 Vereinsspieler"]
[Site "Dortmund"]
[Date "2022.07.07"]
[Round "4.4"]
[White "Jochmann, Christian"]
[Black "Mann, Gergely"]
[Result "0-1"]
[WhiteElo "1995"]
[BlackElo "1653"]
[PlyCount "74"]
[EventDate "2022.07.??"]
[EventType "tourn"]
[EventRounds "7"]
[WhiteTeam "SC Doppelbauer Brambauer"]
[BlackTeam "SF Essen-Werden"]

1. e4 e6 2. d4 d5 3. Nd2 Nf6 4. e5 Nfd7 5. Bd3 c5 6. c3 Nc6 7. Ne2 cxd4 8. cxd4
f6 9. exf6 Nxf6 10. Nf3 Bd6 11. O-O O-O 12. Bg5 Qb6 13. Nc3 Ng4 14. h3 Nf6 15.
a3 Bd7 16. b4 Rac8 17. Rc1 h6 18. Be3 Qd8 19. Bb1 Be8 20. Qd3 a5 21. b5 Ne7 22.
a4 Ba3 23. Nxd5 Bxc1 24. Nxf6+ Rxf6 25. Qh7+ Kf8 26. Bxc1 Rc3 27. Nd2 Bg6 28.
Bxg6 Rxg6 29. Ne4 Qd5 30. Qxg6 Nxg6 31. Nxc3 Qxd4 32. Bb2 Nf4 33. Rd1 Nd3 34.
Rd2 Qc4 35. Ba3+ Kf7 36. Ne2 Ne5 37. Bd6 Ng6 0-1

[Event "Sommerschach 2022 Vereinsspieler"]
[Site "Dortmund"]
[Date "2022.07.07"]
[Round "4.5"]
[White "Kantor, Nikita"]
[Black "Radulovic, Drazen"]
[Result "1/2-1/2"]
[WhiteElo "1870"]
[BlackElo "2184"]
[PlyCount "86"]
[EventDate "2022.07.??"]
[EventType "tourn"]
[EventRounds "7"]
[WhiteTeam "SC Wambel"]

1. e4 Nc6 2. Nc3 e6 3. Nf3 d5 4. d3 Nf6 5. e5 Nd7 6. Bf4 Be7 7. h4 d4 8. Ne4
Nc5 9. g3 Nxe4 10. dxe4 Bb4+ 11. Bd2 a6 12. Bxb4 Nxb4 13. a3 Nc6 14. Qd2 f6 15.
O-O-O fxe5 16. Ng5 h6 17. Nh3 Qf6 18. f4 exf4 19. Nxf4 e5 20. Nd5 Qd6 21. Bc4
Bg4 22. Rdf1 O-O-O 23. Rf7 Rd7 24. Rhf1 Be6 25. R7f3 Rhd8 26. Qe2 Ne7 27. Nxe7+
Rxe7 28. Rf8 Red7 29. Rxd8+ Rxd8 30. Bxe6+ Qxe6 31. Rf3 Qc6 32. Kb1 b5 33. Rf5
Qe6 34. Qf3 Kb7 35. Rf7 Rd7 36. Rxd7 Qxd7 37. g4 Qe7 38. h5 Qf6 39. Qf5 c5 40.
g5 Qxg5 41. Qd7+ Kb6 42. Qd6+ Kb7 43. Qd7+ Kb8 1/2-1/2

[Event "Sommerschach 2022 Vereinsspieler"]
[Site "Dortmund"]
[Date "2022.07.07"]
[Round "4.6"]
[White "Zelt, Jens"]
[Black "Echargui, Amin"]
[Result "1-0"]
[WhiteElo "2073"]
[BlackElo "1751"]
[PlyCount "75"]
[EventDate "2022.07.??"]
[EventType "tourn"]
[EventRounds "7"]
[WhiteTeam "SC Hansa Dortmund"]
[BlackTeam "SG Mengede"]

1. d4 d5 2. Nf3 Nf6 3. Bf4 c5 4. c3 Nc6 5. e3 Qb6 6. Qc1 cxd4 7. exd4 Bf5 8.
Nbd2 h6 9. Be2 e6 10. O-O Be7 11. Ne5 Nxe5 12. Bxe5 O-O 13. Bxf6 Bxf6 14. Nf3
Qc7 15. Qd2 Rfc8 16. Ne1 a6 17. Bd3 Bxd3 18. Nxd3 b5 19. f4 Qb6 20. Kh1 g6 21.
a3 h5 22. Nc5 a5 23. b4 Be7 24. Qe2 axb4 25. axb4 Qc6 26. g3 Bxc5 27. dxc5 d4+
28. Qg2 Rxa1 29. Rxa1 dxc3 30. Qxc6 Rxc6 31. Rc1 Kf8 32. Rxc3 Ke7 33. Ra3 Rc7
34. Ra6 Rb7 35. Kg2 Kd8 36. Kf3 Ke7 37. Ke4 f5+ 38. Ke5 1-0

[Event "Sommerschach 2022 Vereinsspieler"]
[Site "Dortmund"]
[Date "2022.07.07"]
[Round "4.7"]
[White "Bungarten, Jona"]
[Black "Krug, Michael"]
[Result "1-0"]
[WhiteElo "1843"]
[BlackElo "1891"]
[PlyCount "61"]
[EventDate "2022.07.??"]
[EventType "tourn"]
[EventRounds "7"]
[WhiteTeam "SF Brackel"]
[BlackTeam "SC Wambel"]

1. e4 d6 2. d4 Nf6 3. Nc3 c6 4. f4 g6 5. Nf3 Bg7 6. Bd3 O-O 7. O-O a6 8. h3 b5
9. Be3 Bb7 10. Qd2 b4 11. Ne2 a5 12. Ng3 Qc7 13. c4 bxc3 14. bxc3 Nbd7 15. f5
c5 16. d5 Ba6 17. Bxa6 Rxa6 18. Bh6 Ne5 19. Nxe5 dxe5 20. c4 a4 21. fxg6 hxg6
22. Bxg7 Kxg7 23. Qg5 Rh8 24. Rab1 Nh5 25. Nf5+ Kf8 26. Nxe7 Nf4 27. Nc6 Rxc6
28. dxc6 Kg7 29. Rb7 Qd6 30. Rd7 Qe6 31. Re7 1-0

[Event "Sommerschach 2022 Vereinsspieler"]
[Site "Dortmund"]
[Date "2022.07.07"]
[Round "4.8"]
[White "Ropel, Dennis"]
[Black "Morawietz, Manuel"]
[Result "0-1"]
[WhiteElo "1725"]
[BlackElo "1928"]
[PlyCount "84"]
[EventDate "2022.07.??"]
[EventType "tourn"]
[EventRounds "7"]
[WhiteTeam "SG Mengede"]
[BlackTeam "SV Unna"]

1. d4 e6 2. Nf3 d5 3. Bf4 Bd6 4. Bg3 Nf6 5. e3 O-O 6. Bd3 b6 7. c3 c5 8. Nbd2
Qc7 9. Qc2 c4 10. Be2 Bb7 11. Ne5 Nc6 12. Nxc6 Bxc6 13. Bf3 Rfe8 14. O-O b5 15.
Rfe1 a5 16. a3 b4 17. axb4 Bxg3 18. hxg3 axb4 19. cxb4 Rab8 20. b3 Rxb4 21.
bxc4 dxc4 22. Bxc6 Qxc6 23. Rec1 g6 24. Nxc4 Rc8 25. Na3 Qxc2 26. Rxc2 Ra8 27.
Rcc1 Ne4 28. Nc2 Rxa1 29. Nxa1 Rb2 30. Rf1 h5 31. f3 Nxg3 32. Re1 f5 33. Kh2 h4
34. Kh3 g5 35. e4 Ne2 36. Kh2 Nxd4 37. Re3 Kf7 38. exf5 exf5 39. Rd3 Ne2 40.
Rd1 Nf4 41. Rg1 h3 42. Kg3 Ne2+ 0-1

[Event "Sommerschach 2022 Vereinsspieler"]
[Site "Dortmund"]
[Date "2022.07.07"]
[Round "4.9"]
[White "Feldhammer, Oskar"]
[Black "Melmer, Felix"]
[Result "0-1"]
[WhiteElo "1718"]
[BlackElo "2031"]
[PlyCount "68"]
[EventDate "2022.07.??"]
[EventType "tourn"]
[EventRounds "7"]
[WhiteTeam "Bahn-SC Wuppertal"]

1. d4 d5 2. c4 dxc4 3. e4 e5 4. Nf3 exd4 5. Qxd4 Qxd4 6. Nxd4 Bc5 7. Nb5 Na6 8.
Bxc4 c6 9. N5a3 b5 10. Be2 Nf6 11. O-O O-O 12. Nc2 Nxe4 13. Bf3 Bf5 14. Ne3 Bg6
15. Nd2 Nxd2 16. Bxd2 Rad8 17. Rfd1 Rd6 18. Bc3 Rfd8 19. a3 Bb6 20. Rxd6 Rxd6
21. Be5 Re6 22. Bf4 Nc5 23. b4 Nd3 24. Bg3 f5 25. Nd5 cxd5 26. Bxd5 Bf7 27.
Bxe6 Bxe6 28. Rd1 Bc4 29. Rd2 f4 30. Bh4 Kf7 31. g3 f3 32. Bg5 Ke6 33. Be3 Bxe3
34. fxe3 Ke5 0-1

[Event "Sommerschach 2022 Vereinsspieler"]
[Site "Dortmund"]
[Date "2022.07.07"]
[Round "4.10"]
[White "Schulz, Dennis"]
[Black "Schmidt, Ralph"]
[Result "1-0"]
[WhiteElo "1599"]
[BlackElo "1960"]
[PlyCount "77"]
[EventDate "2022.07.??"]
[EventType "tourn"]
[EventRounds "7"]
[WhiteTeam "SV Rochade Eving"]
[BlackTeam "SV Bochum-Linden"]

1. d4 e5 2. dxe5 Nc6 3. Nf3 Nge7 4. Bf4 h6 5. h4 Ng6 6. Qc1 Qe7 7. Nc3 Qe6 8.
Nb5 Bb4+ 9. c3 Ba5 10. Nbd4 Nxd4 11. Nxd4 Qg4 12. g3 Qh5 13. Bg2 Nxf4 14. Qxf4
O-O 15. g4 Qg6 16. Be4 Qb6 17. b4 Bxb4 18. cxb4 Qxb4+ 19. Qd2 Qe7 20. Qf4 f6
21. Nf5 Qxe5 22. Qxe5 fxe5 23. Ne7+ Kf7 24. Nxc8 Raxc8 25. Bxb7 Rb8 26. Bd5+
Ke7 27. Bb3 Rf4 28. f3 e4 29. O-O exf3 30. exf3 h5 31. Rfe1+ Kf8 32. g5 Rxh4
33. g6 Rb5 34. Bf7 Rg5+ 35. Kf2 Rh2+ 36. Ke3 Ke7 37. Kf4+ Kf6 38. Rac1 c6 39.
Rxc6+ 1-0

[Event "Sommerschach 2022 Vereinsspieler"]
[Site "Dortmund"]
[Date "2022.07.07"]
[Round "4.11"]
[White "Koch, Burkhard"]
[Black "Lin, Yi"]
[Result "1-0"]
[WhiteElo "1762"]
[BlackElo "1872"]
[PlyCount "79"]
[EventDate "2022.07.??"]
[EventType "tourn"]
[EventRounds "7"]
[WhiteTeam "SG Wanne"]
[BlackTeam "SC Hansa Dortmund"]

1. e4 d6 2. d4 Nf6 3. Nc3 Nbd7 4. Be3 e5 5. Nf3 Be7 6. h3 c6 7. Be2 Qc7 8. O-O
O-O 9. Qd2 b5 10. a3 a6 11. g4 Bb7 12. g5 Ne8 13. Nh4 g6 14. f4 exd4 15. Bxd4
c5 16. Be3 f5 17. Nd5 Qd8 18. exf5 gxf5 19. Bf3 Kh8 20. Nxe7 Bxf3 21. Qc3+ Ng7
22. Nhxf5 Ne5 23. fxe5 b4 24. axb4 cxb4 25. Qxb4 Nxf5 26. exd6 Ng7 27. Bd4 Rf7
28. Rxf3 Rxf3 29. Bxg7+ Kxg7 30. Qd4+ Kf8 31. Qh8+ Kf7 32. Qxh7+ Ke6 33. Qe4+
Kd7 34. Qxf3 Qb6+ 35. Kg2 Rd8 36. Qc6+ Qxc6+ 37. Nxc6 Kxc6 38. Rxa6+ Kb5 39.
Ra3 Rxd6 40. Rd3 1-0

[Event "Sommerschach 2022 Vereinsspieler"]
[Site "Dortmund"]
[Date "2022.07.07"]
[Round "4.12"]
[White "Abdo, Alan"]
[Black "Krause, Dieter"]
[Result "0-1"]
[WhiteElo "1641"]
[BlackElo "2030"]
[PlyCount "90"]
[EventDate "2022.07.??"]
[EventType "tourn"]
[EventRounds "7"]
[WhiteTeam "SC Listiger Bauer Essen"]
[BlackTeam "SV Rochade Eving"]

1. e4 c5 2. Nf3 g6 3. d4 cxd4 4. Nxd4 Nc6 5. Nc3 Bg7 6. Be3 Nf6 7. f3 O-O 8.
Qd2 d5 9. O-O-O dxe4 10. fxe4 Ng4 11. Bg1 Nxd4 12. Bxd4 Bh6 13. Qxh6 Nxh6 14.
Be3 Qa5 15. Bxh6 Rd8 16. Nd5 Rxd5 17. exd5 Bg4 18. Bc4 Qc5 19. Bb3 Bxd1 20.
Rxd1 a5 21. d6 exd6 22. Bd5 Rc8 23. c4 b5 24. b3 bxc4 25. bxc4 Qa3+ 26. Kd2
Qxa2+ 27. Kd3 Qb3+ 28. Kd2 Qb2+ 29. Kd3 Re8 30. Rd2 Qb1+ 31. Kd4 Qe1 32. g3 Re2
33. Rxe2 Qxe2 34. Bf4 Qf2+ 35. Kc3 Qb6 36. h4 h5 37. Kd3 a4 38. Be3 Qb1+ 39.
Kc3 a3 40. c5 dxc5 41. Bxc5 a2 42. Bxa2 Qxa2 43. Bd6 Qe6 44. Bf4 f6 45. Kd3 g5
0-1

[Event "Sommerschach 2022 Vereinsspieler"]
[Site "Dortmund"]
[Date "2022.07.07"]
[Round "4.13"]
[White "Poggemann, Alexander"]
[Black "Zhang, Jingfu"]
[Result "1-0"]
[WhiteElo "1829"]
[BlackElo "1640"]
[PlyCount "107"]
[EventDate "2022.07.??"]
[EventType "tourn"]
[EventRounds "7"]
[WhiteTeam "SV Hemer"]
[BlackTeam "SC Hansa Dortmund"]

1. e4 e6 2. d4 d5 3. exd5 exd5 4. Nf3 Nf6 5. Bd3 Be7 6. h3 O-O 7. O-O Nbd7 8.
Re1 c5 9. c3 Re8 10. Bf4 Qb6 11. b3 Nf8 12. Nbd2 Ne6 13. Be3 Bd7 14. Ne5 cxd4
15. Nxd7 Nxd7 16. cxd4 Nf6 17. Nf3 Bb4 18. Re2 Rac8 19. Rc2 Rxc2 20. Qxc2 Qc6
21. Qxc6 bxc6 22. Rc1 c5 23. dxc5 Ne4 24. Bxe4 dxe4 25. Ng5 Nxg5 26. Bxg5 h6
27. Be3 a5 28. c6 Kf8 29. c7 Rc8 30. Bb6 Ke7 31. Rd1 Bd6 32. Bxa5 Bxc7 33. Bb4+
Ke6 34. Rd4 f5 35. Rc4 Kd7 36. Bc3 g6 37. a4 Bd6 38. Rxc8 Kxc8 39. Kf1 Kb7 40.
Ke2 f4 41. g3 g5 42. g4 Kc6 43. Bg7 f3+ 44. Kf1 Kc5 45. Bxh6 Be7 46. h4 gxh4
47. g5 h3 48. Kg1 Bd6 49. g6 h2+ 50. Kh1 Be5 51. g7 Bxg7 52. Bxg7 e3 53. Bh6
Kb4 54. Bxe3 1-0

[Event "Sommerschach 2022 Vereinsspieler"]
[Site "Dortmund"]
[Date "2022.07.07"]
[Round "4.15"]
[White "Schacht, Jürgen"]
[Black "Webner, Dennis"]
[Result "0-1"]
[WhiteElo "1548"]
[BlackElo "2136"]
[PlyCount "42"]
[EventDate "2022.07.??"]
[EventType "tourn"]
[EventRounds "7"]
[WhiteTeam "SV Rochade Eving"]
[BlackTeam "TuS Varrel"]

1. d4 d5 2. c4 e6 3. Nf3 c6 4. e3 Bd6 5. Nc3 f5 6. Ne5 Bxe5 7. dxe5 Nd7 8. f4
Ne7 9. Bd3 Nc5 10. O-O O-O 11. cxd5 Nxd5 12. Nxd5 cxd5 13. Qe2 Bd7 14. Rd1 Qb6
15. b3 Rfc8 16. Bb2 a6 17. Bd4 Bb5 18. Rac1 Bxd3 19. Bxc5 Bxe2 20. Bxb6 Bxd1
21. Rxd1 Rc2 0-1

[Event "Sommerschach 2022 Vereinsspieler"]
[Site "Dortmund"]
[Date "2022.07.07"]
[Round "4.16"]
[White "Büdel, Jürgen"]
[Black "Dahlbeck, Mirko"]
[Result "0-1"]
[WhiteElo "1768"]
[BlackElo "2060"]
[PlyCount "67"]
[EventDate "2022.07.??"]
[EventType "tourn"]
[EventRounds "7"]
[WhiteTeam "FS Dortmund"]
[BlackTeam "Sport Union Annen"]

1. e4 c5 2. Nc3 Nc6 3. f4 g6 4. Nf3 Bg7 5. Bc4 e6 6. a3 Nge7 7. d3 d5 8. Ba2
O-O 9. O-O a6 10. Ne2 b5 11. c3 Bb7 12. Be3 d4 13. cxd4 cxd4 14. Bd2 Qb6 15.
Rc1 a5 16. Ng3 Rad8 17. h4 b4 18. f5 exf5 19. exf5 Nd5 20. fxg6 hxg6 21. Rf2
Ne3 22. Qe2 b3 23. Bb1 Rde8 24. Ne4 Ng4 25. Rff1 f5 26. Nfg5 Nce5 27. Qd1 fxe4
28. Rxf8+ Rxf8 29. Bxa5 Qxa5 30. Qxb3+ Bd5 31. Qd1 Nf2 32. Qe2 exd3 33. Qxf2
Rxf2 34. Kxf2 0-1